000 00873nam a2200265Ia 4500
001 9889
003 GE_BSU
008 181216s||||||||xx |||||||||||||| ||und||
010 _a9992852747
040 _cGE_BSU
080 _a821.353.1-32
100 _aმორჩილაძე,აკა
245 _aშობა ღამის ალქაჯები
245 _bმოთხრობები
245 _cყდის დიზაინი: თამაზ ვარვარიძე
250 _a1-ლი გამოც.
260 _aთბილისი.
260 _bბაკურ სულაკაურის გამ-ბა.
260 _c2001
300 _a235გვ;20სმ.
541 _h7ლ.20თ.
653 _aმოთხრობები
653 _aშობა ღამის ალქაჯები
942 _cBK
999 _c43168
_d43168